| 000 | 00827nam a2200229Ia 4500 | ||
|---|---|---|---|
| 008 | 170220s9999||||xx |||||||||||||| ||und|| | ||
| 020 | _a978-81-322-2163-0 | ||
| 022 | _a2194-2781 | ||
| 040 | _aNISER LIBRARY | ||
| 041 | _aEnglish/International | ||
| 100 | _aParag Jain, Ravindra Pandey, Shiv Shankar Shukla | ||
| 245 | _aInflammation: Natural Resources and Its Applications | ||
| 260 |
_c2015 _bSpringer India |
||
| 300 | _bBrief | ||
| 440 | _aSpringerBriefs in Immunology | ||
| 650 | _aBiomedical and Life Sciences | ||
| 650 | _aImmunology; Biomedicine, general; Pharmacology/Toxicology; Cytokines and Growth Factors; Apoptosis | ||
| 710 | _aSpringer India | ||
| 856 | _uhttp://dx.doi.org/10.1007/978-81-322-2163-0 | ||
| 856 | _uhttp://link.springer.com/openurl?genre=book&isbn=978-81-322-2162-3 | ||
| 942 | _cEB | ||
| 999 |
_c28431 _d28431 |
||